00704nam a2200181 a 450000100100000000500170001000800410002704000250006810000250009324500500011826000370016830000230020549000270022883000340025595201050028995201110039499900170050500004390220201002045033.0130417s1987 dr 000 0 spa d aDO-SdBNPbspacBNPHU1 aFucik, Julius95743010aReportaje al pie de la horca /cJulius Fucik. aSanto Domingo :bTaller ,c1987. a132 p. : ;c21 cm.1 aBiblioteca Tallerv128 0aBiblioteca Tallern128964967 0010718PDaPDbPDcCTd2014-05-08iLF1l0o p43902-10r2020-06-25w2020-06-25yLFPDZNo se presta 0010718PDaPDbPDcCTd2014-05-13iLF1l0o p43902-20r2020-06-25te. 2w2020-06-25yLFPDZNo se presta c43391d43391